|
|
|
|
| LEADER |
00626nta a2200181 i 4500 |
| 001 |
dipl95639 |
| 005 |
20201211074743.0 |
| 008 |
201209s1994 hu om 0|| zxx d |
| 040 |
|
|
|a SZTE Diploma Repozitórium
|b hun
|
| 041 |
|
|
|a zxx
|
| 100 |
1 |
|
|a Hirmann Anita
|
| 245 |
1 |
0 |
|a Másság
|h [elektronikus dokumentum] :
|b Dyslexiás gyermekek a pedagógiai pszichológia szemszögéből /
|c Anita Hirmann
|
| 260 |
|
|
|c 1994
|
| 650 |
|
4 |
|a Pedagógusképzés
|
| 650 |
|
4 |
|a Social sciences
|
| 650 |
|
4 |
|a Psychology
|
| 700 |
1 |
|
|a nincs megadva
|e ths
|
| 856 |
4 |
0 |
|u http://diploma.bibl.u-szeged.hu/id/eprint/95639/1/1994_hirmann_anita.pdf
|z Dokumentum-elérés
|